000 00590cab a22001935a 4500
001 L157946
008 130731e2013 xxk 000 0 eng d
035 _a(Sirsi) u157946
041 0 _aeng
100 1 _aGardiner, Joey
245 0 0 _aEnter the dragon
260 _c2013
490 _aBuilding
_v(278) 28 June 2013, 22-24(3)
520 _aTwo big development deals are bringing Chinese money into London. Does this signify the start of a flood of investment by China in UK construction?
590 _aKA
651 4 _aUnited Kingdom
_y
690 _aCHINA, CONSTRUCTION
942 _n0
999 _c84499
_d84499